Typing Listeria monocytogenes isolates from fish products and human listeriosis cases /
Đã lưu trong:
| Údair Eile: | , , , , |
|---|---|
| Formáid: | Bài viết |
| Teanga: | English |
| Ábhair: | |
| Clibeanna: |
Cuir Clib Leis
Gan Chlibeanna, Bí ar an gcéad duine leis an taifead seo a chlibeáil!
|
| Thư viện lưu trữ: | Thư viện Trường Đại học Đà Lạt |
|---|
| LEADER | 01004nam a2200349 4500 | ||
|---|---|---|---|
| 001 | DLU090096053 | ||
| 005 | ##20091201 | ||
| 040 | # | # | |a DLU |b eng |
| 041 | # | # | |a eng |
| 044 | # | # | |a us |
| 245 | # | # | |a Typing Listeria monocytogenes isolates from fish products and human listeriosis cases / |c P. Boerlin ... [et al.]. |
| 653 | # | # | |a Bacteria |
| 653 | # | # | |a Enzymes |
| 653 | # | # | |a Fish product |
| 653 | # | # | |a Infection |
| 653 | # | # | |a Listeria monocytogenes |
| 653 | # | # | |a Listeriosis |
| 700 | # | # | |a Bannerman, E. |
| 700 | # | # | |a Bille, J. |
| 700 | # | # | |a Boerlin, P. |
| 700 | # | # | |a Boerlin-Petzold, F. |
| 700 | # | # | |a Jemmi, T. |
| 773 | # | # | |t Applied and Environmental Microbiology |g Vol. 63, no. 4 (April 1997), p. 1338-1343 |
| 920 | # | # | |a Phòng Tạp chí -- Trung tâm Thông tin - Thư viện Trường Đại học Đà Lạt |
| 994 | # | # | |a DLU |
| 900 | # | # | |a True |
| 911 | # | # | |a Trương Bảo Trâm Anh |
| 925 | # | # | |a G |
| 926 | # | # | |a A |
| 927 | # | # | |a BB |
| 980 | # | # | |a Thư viện Trường Đại học Đà Lạt |